00189nam a2200085Ia 4500008004100000100001100041245002600052260001600078260000900094170620s9999 xx 000 0 und d aBharat 0aManual of Company Act bBharat Pub. c2002